Thinking through communication : an introduction to the study of human communication (Record no. 78215)

MARC details
000 -LEADER
fixed length control field 00703nam a2200217Ia 4500
008 - FIXED-LENGTH DATA ELEMENTS--GENERAL INFORMATION
fixed length control field 191130s2008##################000#0#eng##
020 ## - INTERNATIONAL STANDARD BOOK NUMBER
ISBN 9780205530472
082 ## - DEWEY DECIMAL CLASSIFICATION NUMBER
Classification number 302.2 TRE
100 ## - MAIN ENTRY--AUTHOR NAME
Personal name Trenholm, Sarah
245 ## - TITLE STATEMENT
Title Thinking through communication : an introduction to the study of human communication
Statement of responsibility, etc Sarah Trenholm
250 ## - EDITION STATEMENT
Edition statement 5th ed
260 ## - PUBLICATION, DISTRIBUTION, ETC. (IMPRINT)
Place of publication Boston, MA
Name of publisher Pearson/Allyn and Bacon
Year of publication c2008
300 ## - PHYSICAL DESCRIPTION
Number of Pages xx, 428 p. : ill. (some col.) ; 24 cm
500 ## - GENERAL NOTE
General note Includes bibliographical references (p. 401-415) and indexes
650 ## - SUBJECT ADDED ENTRY--TOPICAL TERM
Topical Term Communication
991 ## -
-- 215678
Holdings
Withdrawn status Lost status Damaged status Not for loan Home library Current library Shelving location Date acquired Full call number Accession Number Price effective from Koha item type
        Anna Centenary Library Anna Centenary Library 3RD FLOOR, B WING 09.10.2020 302.2 TRE 314278 09.10.2020 English Books

Find us on the map